Estadísticas para Subdivisiones Territoriales de América Latina

Haz click aquí para intentar la prueba.

Estadísticas generales

  • Esta prueba ha sido intentada 103 veces
  • La puntuación promedio es 13 de 20

Estadísticas de respuestas

Subdivisión TerritorialÁreaPaís% Correcto
Estado do Amazonas1,570,746 km2Brasil
100%
Provincia de Buenos Aires307,571 km2Argentina
96%
Estado de Chihuahua247,460 km2México
94%
Departamento del Amazonas109,665 km2Colombia
88%
Estado Bolívar242,801 km2Venezuela
88%
Departamento de Santa Cruz370,621 km2Bolivia
85%
Región de Magallanes132,291 km2Chile
85%
Departamento de Loreto368,852 km2Perú
72%
Departamento de Boquerón91,669 km2Paraguay
61%
Provincia de Darién11,893 km2Panamá
60%
Departamento de Tacuarembó15,438 km2Uruguay
60%
Departamento de Petén35,854 km2Guatemala
54%
Provincia de Camagüey15,414 km2Cuba
52%
Región Autónoma de la Costa Caribe Norte33,106 km2Nicaragua
51%
Provincia de Puntarenas11,266 km2Costa Rica
46%
Provincia de Pastaza29,641 km2Ecuador
45%
Département Artibonite / Depatman Latibonit4,987 km2Haití
43%
Departamento de Olancho24,038 km2Honduras
43%
Departamento de Usulután2,130 km2El Salvador
37%
Provincia de San Juan3,569 km2República Dominicana
35%

Distribución de puntuación

Porcentaje por número respondido

Porcentaje de gente con cada puntuación

Historial de tus puntuaciones

No has intentado esta prueba.